000 00424nam a22001577a 4500
003 OSt
005 20251119120610.0
008 251119b |||||||| |||| 00| 0 eng d
020 _a0831779640
040 _cGALLERY BOOKS
050 _aTL 795.515 .K47 2004
_b .K47 2004
245 _aSPACE SHUTTLE /
_cKERROD, ROBIN
250 _a1ST EDITION
260 _aUNITED STATES OF AMERICA:
_bGALLERY BOOKD,
_c2004
942 _2lcc
_cBK
_n0
999 _c9834
_d9834